| 000 | 00338cam a2200133ua 4500 | ||
|---|---|---|---|
| 020 | _a9788131715284 | ||
| 100 | _aJoseph F Hair. | ||
| 245 |
_aMultivariate data analysis _hTextual Documents |
||
| 250 | _a6. | ||
| 260 |
_aNew Delhi _bPearson Education Asia _c2008 |
||
| 300 | _a923. | ||
| 700 | _aBarry J Babin. | ||
| 700 | _aWilliam C Black. | ||
| 999 |
_c13598 _d13598 |
||